000 00490nam a2200181Ia 4500
005 20250317123446.0
008 008 250317s9999 xx 000 0 eng d
037 _aTextbook
040 _aFMSL
_beng
_cFMSL
041 _aeng
_2eng
084 _qFMSL
100 _aVanness R G
_9740360
245 0 _aPrinciples of punched card data processing
260 _aNew Delhi
_bNew Delhi, Harper & Row
_c1967
300 _a319p
942 _cTB
999 _c1251345
_d1251345